Statistics for States by Landmark 1-15

Click here to take the quiz!

General Stats

  • This quiz has been taken 20 times
  • The average score is 14 of 15

Answer Stats

Landmark State % Correct
Kennedy Space CenterFlorida
100%
Rocky Mountain National ParkColorado
100%
Space NeedleWashington
100%
DisneylandCalifornia
100%
Big Bend National ParkTexas
100%
Grand Teton National ParkWyoming
100%
Badlands National ParkSouth Dakota
100%
Mammoth Cave National ParkKentucky
100%
Mobile BayAlabama
92%
Zion National ParkUtah
92%
Antelope CanyonArizona
92%
Crater LakeOregon
92%
Carlsbad Caverns National ParkNew Mexico
92%
Mount McKinley (Denali)Alaska
92%
Shoshone FallsIdaho
69%

Score Distribution

Percentile by Number Answered

Percent of People with Each Score

Your Score History

You have not taken this quiz